000 01522nam0a2200349 i 4500
001 RU\NLR\bibl\2011654
005 20260406135438.0
010 _a9785905361173
_9100
021 _aRU
_b2013-12106
_9866
035 _a(nilc)LIBNET\0000260898
035 _a(NLR Aleph) 002000181
090 _a4348087
_c4348087
100 _a20120726d2012 u y0rusy50 ca
101 0 _arus
102 _aRU
105 _aa z |||||
200 1 _aГорький вкус калины
_e[о В.М. Шукшине
_fсост.: Екатерина Печенова
_gредкол.: Г.С. Лапунов, А.П. Статейнов - сопредседатели и др.]
210 _aКрасноярск
_cБуква Статейнова
_d2012
215 _a189, [3] с.
_cил., портр., цв. ил.
_d28
225 1 _aДостояние России
_vт. 2
600 1 _aШукшин
_bВ. М.
_f1929 - 1974
_gВасилий Макарович
_jАльбомы
_91582165
_3RU\NLR\auth\66993601
686 _a83.3(2Рос-Рус)6-8Шукшин
_vLBC/RL
_2rubbk
686 _aЩ374.3(2Р)7-85Шукшин
686 _aШ5(2=Р)7-4Шукшин
702 1 _aЛапунов
_bГ. С.
_4340
702 1 _aПеченова
_bЕ.
_gЕкатерина
_4220
702 1 _4570
_7ca
_8rus
_aШукшин
_bВ. М.
_f1929-1974
_gВасилий Макарович
_9112686
_3RU\NLR\auth\772678
801 0 _aRU
_bНБР Коми
_c20120726
_gRCR
801 1 _aRU
_bНБР Коми
_c20120726
801 2 _aRU
_bNLR
_c20130314
_grcr
942 _cBOOK
980 _aNBR